Grandes mujeres de la historia: (Registro nro. 30655)

Detalles MARC
000 -LEADER
fixed length control field 00476nam a22001337a 4500
008 - FIXED-LENGTH DATA ELEMENTS--GENERAL INFORMATION
fixed length control field 240220b |||||||| |||| 00| 0 eng d
020 ## - INTERNATIONAL STANDARD BOOK NUMBER
International Standard Book Number 9788466238809
082 ## - DEWEY DECIMAL CLASSIFICATION NUMBER
Classification number 920.72
Item number C67gl
100 ## - MAIN ENTRY--PERSONAL NAME
Personal name Corredor, Paloma
Relator term autor
9 (RLIN) 43462
245 ## - TITLE STATEMENT
Title Grandes mujeres de la historia:
Remainder of title personajes entre el mito y el olvido que cambiaron el mundo /
Statement of responsibility, etc. Paloma Corredor
260 ## - PUBLICATION, DISTRIBUTION, ETC.
Place of publication, distribution, etc. Madrid:
Name of publisher, distributor, etc. Editorial LIBSA,
Date of publication, distribution, etc. 2019
300 ## - PHYSICAL DESCRIPTION
Extent 160 Páginas:
Other physical details Ilustraciones a color;
Dimensions 27 cm.
942 ## - ADDED ENTRY ELEMENTS (KOHA)
Source of classification or shelving scheme Dewey Decimal Classification
Existencias
Withdrawn status Lost status Source of classification or shelving scheme Damaged status Not for loan Home library Current library Date acquired Total Checkouts Full call number Barcode Date last seen Date last checked out Copy number Price effective from Koha item type Public note
    Dewey Decimal Classification     Biblored Biblioteca Pública José María del Castillo y Rada 02/16/2024 1 920.72 C67gl 14120659 04/09/2024 04/09/2024 Ej. 1 02/20/2024 Books Material interbibliotecario Bibliored